Honduras: balance de la reforma agraria ¿Una misión cumplida?

Guardat en:
Dades bibliogràfiques
Format: Text
Matèries:
Etiquetes: Afegir etiqueta
Sense etiquetes, Sigues el primer a etiquetar aquest registre!

MARC

LEADER 00000 a a2200000 04500
001 17968
003
040
245 |a Honduras:   |b balance de la reforma agraria ¿Una misión cumplida?  
650 |a REFORMA AGRARIA  
650 |a CAMPESINADO  
650 |a POLITICA  
650 |a HONDURAS  
773 |g volumen 4, número 35; (1980) páginas 407-409  
999 |c 34066  |d 34066 
773 0 |0 42391  |9 3843  |a Agencia Latinoamericana de Información, ALAI  |d Quito, Ecuador: ALAI  |o 04419  |t ALAI:  |x 08275564 (Servicio mensual de información y documentación)